Optics in astrophysics (Record no. 16220)

MARC details
000 -LEADER
fixed length control field 00984nam a2200241Ia 4500
003 - CONTROL NUMBER IDENTIFIER
control field IN-BaIIA
008 - FIXED-LENGTH DATA ELEMENTS--GENERAL INFORMATION
fixed length control field 211028s9999 xx 000 0 eng d
020 ## - INTERNATIONAL STANDARD BOOK NUMBER
International Standard Book Number 1-4020-3436-9
040 ## - CATALOGING SOURCE
Transcribing agency IIA Library
080 ## - UNIVERSAL DECIMAL CLASSIFICATION NUMBER
Universal Decimal Classification number 520.22
Item number OPT
111 ## - MAIN ENTRY--MEETING NAME
Meeting name or jurisdiction name as entry element NATO Advanced Study Institute Conference
Location of meeting France
Date of meeting or treaty signing 2002 Sept. 16-28
9 (RLIN) 30003
245 #0 - TITLE STATEMENT
Title Optics in astrophysics
Remainder of title proceedings of the NATO advanced study Institute conference on optics in astrophysics held in Cargese, France, 16-28 Sept 2002
Statement of responsibility, etc. edited by Renaud Foy and Francoise-Claude Foy
260 ## - PUBLICATION, DISTRIBUTION, ETC.
Place of publication, distribution, etc. Dordrecht
Name of publisher, distributor, etc. Springer
Date of publication, distribution, etc. 2005
300 ## - PHYSICAL DESCRIPTION
Extent xvi, 422p.
490 ## - SERIES STATEMENT
Series statement NATO science series: II. Mathematics, physics and chemistry; v. 198
650 ## - SUBJECT ADDED ENTRY--TOPICAL TERM
Topical term or geographic name entry element Astronomy
9 (RLIN) 80
650 ## - SUBJECT ADDED ENTRY--TOPICAL TERM
Topical term or geographic name entry element Astrophysics
9 (RLIN) 794
650 ## - SUBJECT ADDED ENTRY--TOPICAL TERM
Topical term or geographic name entry element Optical telescopes
9 (RLIN) 3706
700 ## - ADDED ENTRY--PERSONAL NAME
Personal name Foy, Francoise-Claude ed.
9 (RLIN) 30004
700 ## - ADDED ENTRY--PERSONAL NAME
Personal name Foy, Renaud, ed.
9 (RLIN) 30005
710 ## - ADDED ENTRY--CORPORATE NAME
Corporate name or jurisdiction name as entry element NATO advanced study Institute
9 (RLIN) 5368
942 ## - ADDED ENTRY ELEMENTS (KOHA)
Koha item type Books
Holdings
Withdrawn status Lost status Damaged status Not for loan Home library Current library Shelving location Date acquired Source of acquisition Cost, normal purchase price Total Checkouts Total Renewals Full call number Barcode Date last seen Date last checked out Cost, replacement price Price effective from Koha item type Purchase Price
        IIA Library-Bangalore IIA Library-Bangalore General Stacks 15/09/2006 ANJ 4127.60 2 1 520.22/ OPT 17142 04/04/2025 18/11/2024 4127.60 15/09/2006 Books Rs. 4127.60

Powered by Koha